[Event "Vancouver Shock and Awe active"]
[Site "Vancouver"]
[Date "2003.06.14"]
[Round "4"]
[White "Beqo, Besnik"]
[Black "Alipour, Iraj"]
[Result "1-0"]
[WhiteElo "2315"]
[BlackElo "1446"]
[PlyCount "75"]
[EventDate "2003.06.14"]
[EventType "tourn"]
[EventRounds "5"]
[EventCountry "CAN"]
[SourceTitle "EXT 2022"]
[Source "ChessBase"]
[SourceDate "2021.10.06"]
[SourceVersion "1"]
[SourceVersionDate "2021.10.06"]
[SourceQuality "1"]

1. e4 b6 2. Nf3 Bb7 3. Bc4 g6 4. 0-0 Bg7 5. d3 h6 6. c3 e6 7. Re1 Ne7 8. Nbd2 d5 9. exd5 Bxd5 10. Bxd5 Nxd5 11. d4 0-0 12. Ne5 Nd7 13. Ndf3 Nxe5 14. Nxe5 Bxe5 15. Rxe5 Kh7 16. Qf3 Qf6 17. Qh3 Qg7 18. Bd2 c5 19. Re4 cxd4 20. Bxh6 Qxh6 21. Rh4 Qxh4 22. Qxh4+ Kg8 23. Qxd4 Rad8 24. h4 Ne7 25. Qf6 Rfe8 26. h5 gxh5 27. Re1 Rd5 28. Re3 Rf5 29. Qh6 Ng6 30. Rg3 Rd8 31. Rg5 Rxg5 32. Qxg5 Rd5 33. Qf6 b5 34. b3 Nf8 35. c4 bxc4 36. bxc4 Rd1+ 37. Kh2 Rc1 38. Qg5+ 1-0